| 000 | 00799nam a2200241 i 4500 | ||
|---|---|---|---|
| 001 | 184681 | ||
| 003 | ES-MaACL | ||
| 005 | 20250828090949.0 | ||
| 007 | t| | ||
| 008 | 151113s1944 sp ||||1| spa d | ||
| 080 | _a241:396 | ||
| 100 | 1 |
_aVilahur, María Rosa. _9114764 |
|
| 245 | 1 | 3 |
_aLa joven ante la vida / _cMaría Rosa Vilahur. |
| 260 |
_aMadrid : _bSociedad de Educación Atenas, _c[1944] |
||
| 300 |
_a152 p. ; _c20 cm. |
||
| 490 | 1 |
_aColección muchachas ; _v5 |
|
| 505 | 8 | _aContiene: La joven ante la naturaleza ; La joven ante sí misma ; La joven ante el amor | |
| 650 | 7 |
_aMoral cristiana _2embne _9142371 |
|
| 710 | 2 |
_aSociedad de Educación Atenas _96665 |
|
| 830 | 1 |
_aColección muchachas ; _v5 _9192222 |
|
| 852 |
_aES-MaACL _jE-3619 |
||
| 999 |
_c184681 _d184681 |
||